00875 a2200181 45000010006000000050017000060080041000230030015000640400040000790800162001192450060002812640038003413000019003795050239003980410008006371000028006457000020006736328020260407155929.0260407a1969 arg spa dAR-UNSa-BCEJYS aAR-UNSa-BCEJYSbspacAR-UNSa-BCEJYS a51-7xEstudios y métodos matemáticos en otros campos del conocimiento. Matemáticas científicas. Matemáticas actuariales (Matemáticas Financieras)10aTemas de matemática financierapteoría y práctica 1aBuenos Aires :bEl Coloquioc1969 a254 p.c22 cm. a1. Teoría matemática del interés - 2. Interpolación tangencial - 3. Tasas de interés y de descuento - 4. Rentas - 5. Análisis de las funciones financieras - 6. Cálculo de la tasa de interés - 7. Problemas especiales -  aspa1 aRoccatagliata, Héctor1 aFava, Urbano J.